Pengantar dasar-dasar pemikiran pendidikan Islam

Bibliographic Details
Main Author: Nizar, Samsul
Corporate Author: Title
Other Authors: Hasan Asari, Ramayulis
Format: Book
Published: Jakarta : Gaya Media Pratama , 2001
Subjects:

MARC

LEADER 00000cam a2200000 7i4500
001 0000012647
005 20071227.0
008 071227
020 |a 9795780387 
090 0 0 |a 297.64   |b NIZ 
100 1 |a Nizar, Samsul 
245 1 0 |a Pengantar dasar-dasar pemikiran pendidikan Islam   |c Samsul Nizar : kata pengantar, Ramayulis, Hasan Asari 
260 |a Jakarta :   |b Gaya Media Pratama ,   |c 2001 
650 0 |a Islamic education   |x Philosophy 
700 1 |a Hasan Asari, Ramayulis 
710 0 |a Title 
999 |a 0001009885   |b Book   |c Adult Collection   |e Perbadanan Perpustakaan Awam Johor